| 000 | 01025nam a22001697a 4500 | ||
|---|---|---|---|
| 003 | OSt | ||
| 005 | 20240925163135.0 | ||
| 008 | 240925b |||||||| |||| 00| 0 eng d | ||
| 020 | _a9789585121096 | ||
| 040 |
_aCO-JMCR _cCO-JMCR _dCO-JMCR |
||
| 082 | 0 | 4 |
_a364.1 _bM38j |
| 100 | 1 |
_aMartínez, Julián F. _eautor _943847 |
|
| 245 | 1 | 0 |
_aChuzadas : _bocho años de espionaje y barbarie / _cJulián F. Martínez |
| 300 |
_a317 páginas ; _c23 cm. |
||
| 520 | 3 | _aChuzadas es un documento que hace parte de la memoria histórica de uno de los peores episodios de los servicios de inteligencia de Colombia. Es un texto de consulta en donde cada una de las aseveraciones está comprendida con fechas, documentos de soporte y datos de contexto. Este libro es uno de los mejores trabajos de Julián F. Martínez, ya que gracias a su exhausta investigación demuestra que por órdenes del gobierno de turno se interceptaron diferentes periodistas, magistrados, jueces y miembros de la oposición política del momento. | |
| 942 |
_2ddc _cBK |
||
| 999 |
_c30832 _d17216 |
||